000 00297nam a22001337a 4500
008 170427b xxu||||| |||| 00| 0 eng d
020 _a9781594515774
041 _aeng
080 _a34
100 _a13
101 _aSHJ
245 _aTHE CONSTRUCTION IMPERIUM
_cLIPSCHUTZ.R
942 _2udc
_cBK
999 _c12288
_d12288